Hannover 96 Squad 2018-2019 - Statistics

General Stats
  • This quiz has been taken 14 times
  • The average score is 20 of 33
Answer Stats
# Position Nation Player % Correct
13 FW Togo Ihlas Bebou
93%
10 FW Japan Genki Haraguchi
86%
9 FW Brazil Jonathas
86%
23 GK Germany Michael Esser
86%
3 DF Chile Miiko Albornoz
86%
35 MF Kosovo Florent Muslija
79%
18 MF Norway Iver Fossum
79%
24 FW Germany Niclas Füllkrug
79%
11 FW Japan Takuma Asano
79%
8 MF Brazil Walace
79%
- Coach Germany André Breitenreiter
71%
2 DF Croatia Josip Elez
71%
1 GK Germany Philipp Tschauner
71%
27 MF Switzerland Pirmin Schwegler
71%
17 FW United States Bobby Wood
64%
5 DF Brazil Felipe
64%
6 MF Germany Marvin Bakalorz
64%
28 DF Austria Kevin Wimmer
57%
25 DF Germany Oliver Sorg
57%
19 GK Austria Samuel Şahin-Radlinger
57%
31 DF Germany Waldemar Anton
57%
7 MF Germany Edgar Prib
50%
4 DF Germany Julian Korb
50%
40 MF Germany Linton Maina
50%
33 FW Denmark Uffe Bech
50%
14 DF Nigeria Kevin Akpoguma
43%
37 FW Germany Noah Sarenren Bazee
43%
15 DF Germany Timo Hübers
43%
26 FW Germany Hendrik Weydandt
36%
30 GK Germany Leo Weinkauf
36%
22 DF Germany Matthias Ostrzolek
36%
21 FW Germany Nicolai Müller
36%
- Coach Germany Thomas Doll
36%
No matching quizzes found
Score Distribution
Percent of People with Each Score
Percentile by Number Answered
Your Score History
You have not taken this quiz